Statistics for Five Biggest Countries by Continent - One Minute Sprint

Click here to take the quiz!

General Stats

  • This quiz has been taken 3,353 times
  • The average score is 20 of 29

Answer Stats

ContinentCountry% Correct
Europe/AsiaRussia
98%
North AmericaUnited States
91%
North AmericaCanada
90%
AsiaChina
90%
OceaniaAustralia
87%
South AmericaBrazil
85%
AfricaAlgeria
83%
North AmericaMexico
81%
EuropeFrance
80%
AsiaIndia
80%
AfricaD.R. Congo
78%
South AmericaArgentina
76%
OceaniaNew Zealand
75%
EuropeUkraine
74%
EuropeSpain
66%
AfricaSudan
65%
South AmericaPeru
63%
South AmericaColombia
62%
AfricaLibya
62%
OceaniaPapua New Guinea
62%
AfricaChad
61%
AsiaKazakhstan
61%
EuropeSweden
56%
South AmericaBolivia
55%
OceaniaFiji
51%
AsiaSaudi Arabia
49%
North AmericaHonduras
43%
North AmericaNicaragua
43%
OceaniaSolomon Islands
43%

Score Distribution

Percentile by Number Answered

Percent of People with Each Score

Your Score History

You have not taken this quiz